| 000 | 01036cam a22002651 4500 | ||
|---|---|---|---|
| 999 |
_c219493 _d219493 |
||
| 001 | 3109763 | ||
| 003 | Nust | ||
| 005 | 20170210104614.0 | ||
| 008 | 731030s1949 nyu 000 0 eng | ||
| 010 | _a 49007946 | ||
| 020 | _a9780141184043 | ||
| 040 |
_aDLC _cDLC _dDLC |
||
| 041 | 1 |
_aeng _hger |
|
| 050 | 0 | 0 |
_aBF173 _b.F629 |
| 082 | 0 | 0 |
_a131.3462 _bFRE |
| 100 | 1 |
_aFreud, Sigmund, _d1856-1939. |
|
| 240 | 1 | 0 |
_aAbriss der Psychoanalyse. _lEnglish |
| 245 | 0 | 3 |
_aAn outline of psychoanalysis. _cAuthorized translation by James Strachey. |
| 250 | _a[1st ed.] | ||
| 260 |
_aNew York, _bW. W. Norton _c1949 |
||
| 300 |
_a235 p. _c20 cm. |
||
| 500 | _a"First published in German in the Internationale Zeitschrift für Psycho-analyse und Imago, xxv (1940) ... An English translation appeared in the International journal of psycho-analysis, xxi (1940) and is now reprinted with considerable revisions." | ||
| 650 | 0 | _aPsychoanalysis. | |
| 700 | 1 |
_aStrachey, James, _etr. |
|
| 906 |
_a7 _bcbc _corignew _du _eocip _f19 _gy-gencatlg |
||
| 942 |
_2ddc _cBK |
||